Nález novovekých mincí zo Spišskej Teplice

Bibliographic Details
Main Author: Soják, Marián, 1970- (Author)
Format: Article
Language:Slovak
PhysicalDescription:Obr.
ISBN:80-88709-54-7
Subjects:

MARC

LEADER 00000naa a2200000 a 4500
001 vtls010252801
003 SK-MaSNL
005 20260302145214.0
008 11030231c2002 xo o e sl
035 |a SVKKK000058315 
038 |a SVKKK 
040 |a SVKKK  |b slo  |c SVKKK  |e AACR2 
041 0 |a slo 
044 |a xo  |c SK 
080 |a 902  |2 1997 
080 |a 929.652"15/19"  |2 1997 
100 1 |a Soják, Marián,  |d 1970-  |4 aut  |9 102637 
245 1 0 |a Nález novovekých mincí zo Spišskej Teplice  |c Marián Soján 
300 |b Obr. 
504 |a Bibliogr. odkazy 
650 0 7 |a medené mince  |2 SNKPH  |9 87262 
650 0 7 |a novovek  |2 SNKPH  |9 4260 
651 7 |a Spišská Teplica (Slovensko)  |2 SNKPHgeo  |9 54556 
773 0 |t Slovenská numizmatika XVI  |d Nitra : Archeologický ústav SAV, 2002  |z 80-88709-54-7  |g S. 215, 216 
852 |a SVKKK  |b BIB 
958 |a NB 
958 |a PP 
999 |c 1353085  |d 1355015